| 000 | 00962nas a2200265 a 4500 | ||
|---|---|---|---|
| 001 | 000754740 | ||
| 003 | AM-YeHGA | ||
| 005 | 20250617143641.0 | ||
| 008 | 100806c19559999ru mrzp 0 0rus d | ||
| 040 | _aAM-YeHGA | ||
| 041 | 0 | _arus | |
| 222 | 0 | 0 | _aРумыния |
| 245 | 0 | 0 |
_aРумыния : _bЕжемесячный общественно-политический и литературный журнал. |
| 260 |
_aБухарест : _bб. и., _c1955-. |
||
| 300 |
_aномер : _bил. |
||
| 310 | _aЕжемесячный | ||
| 362 | 0 | _a1955- | |
| 650 | 0 | 4 | _aԱմսագիր |
| 650 | 1 | 4 |
_aПолитика _vПериодические издания |
| 650 | 1 | 4 |
_aЛитература _vПериодические издания |
| 780 | 0 | 0 |
_tНародно-демократическая Румыния _dДо 1954 г. |
| 780 | 0 | 0 |
_tНародная Румыния _dС 1995 г. до 1965 г. № 8 |
| 942 |
_2udc _cCR |
||
| 090 | _c280772 | ||
| 999 |
_c279120 _d279120 |
||